000 01229nam0a22003131 4500
001 rc\80920
005 20260406051951.0
010 _dБ.ц.
_92000
021 _aRU
_b96-4395
035 _a(NLR Aleph) 005350561
090 _a6792222
_c6792222
100 _a20021216d1995 |||y0rusy50 ca
101 0 _arus
102 _aRU
105 _ac z||||||||
200 1 _aПланета любви
_e(из записок охотника Обского Севера)
_fН.Б. Патрикеев
210 _aМосква
_cб.и.
_d1995
215 _a99, [1] с.
_cпортр.
_d20
225 1 _aБиблиотечка всероссийского журнала "Ямальский меридиан"
517 1 _aИз записок охотника Обского Севера
_zrus
606 1 _aОхота со спаниелем
_yСибирь Северо-Западная
_92080536
_3RU\NLR\AUTH\661256476
686 0 _aП711.524(2Р53)
_2rubbk
700 1 _8rus
_7ca
_aПатрикеев
_bН. Б.
_f1932 -
_gНовомир Борисович
_3RU\NLR\AUTH\777096
_9117035
801 0 _aRU
_bNLR
_gpsbo
801 1 _aRU
_bELAR
_2rusmarc
801 2 _aRU
_bNLR
_c20170309
_2rusmarc
852 _aNLR
_j96-4/14709
942 _cBOOK
980 _aNB